000 00555nam a2200181Ia 4500
008 240729s9999 xx 000 0 und d
022 _a2054-6203
245 0 _aEuropean Medical Journal Gastroenterology
260 _aUnited Kingdom
260 _bEuropean Medical Journal
650 _a Diseases of the digestive system. Gastroenterology
650 _a Internal medicine
650 _a Specialties of internal medicine
650 _aMedicine
856 _uhttps://doaj.org/toc/0d6a1b83d17f422e97258c35543231c5
942 _2ddc
942 _cDOAJEJ
999 _c65820
_d65820
945 _a1
_bMadushi Gamage
_c1
_dMadushi Gamage